00502nam a2200169Ia 4500008004000000082001500040100001900055245004000074250000500114260002700119300001200146650001500158690001100173906001100184999001700195952012000212210210b1980 xxu||||| |||| 00| 0 eng d a589.9 CLII aCLIFTON (C E). aIntroduction to the bacteria. Ed 2. a abClifton (C E).c1980 axiv,558 aBacteria  aBotany a046078 c95343d95343 001040708BiologyaALbALcBiologyd2021-02-17g19.00l0o589.9 CLIIp046078r2021-02-17 00:00:00w2021-02-17yBK